music trivia: 1997 songs and artists - Statistics

General Stats
  • This quiz has been taken 129 times
  • The average score is 8 of 15
Answer Stats
For these 1997 songs.... ...who was the recording artist or group % Correct
Barbie Girl Aqua
90%
Wannabe Spice Girls
86%
Good Riddance (Time of Your Life) Green Day
74%
Don't Cry for Me Argentina Madonna
74%
I Believe I Can Fly R. Kelly
73%
Paranoid Android Radiohead
66%
Every Day is a Winding Road Sheryl Crow
57%
Bitch Meredith Brooks
48%
One Headlight The Wallflowers
43%
Crash Into Me Dave Matthews Band
36%
Where Have All the Cowboys Gone? Paula Cole
29%
Sunny Came Home Shawn Colvin
29%
The Freshmen The Verve Pipe
24%
Building a Mystery Sarah McLachlan
23%
Brick Ben Folds Five
20%
No matching quizzes found
Score Distribution
Percent of People with Each Score
Percentile by Number Answered
Your Score History
You have not taken this quiz